000 00835nam a22002057a 4500
008 090718t xxu||||| |||| 00| 0 eng d
010 _aB-276970
035 _aB-276970
037 _aUBH
_bRP/CL/E.5/ENG/8.05.08/25.06.08/28.06.08
040 _adpl
_beng
082 _a336.294
100 _aDatey, V. S.
245 _aIndirect Taxes Law and Practice/
_bby V. S. Datey
260 _aNew Delhi
_bTax Mann Publications
_c2008
270 _aNew Delhi
_bNew Delhi
300 _a901p
_c24cm
942 _2ddc
_cEN
_h336.294
_mDAT
999 _c28399
_d28399